000 00368 a2200169 4500
001 189278
020 _a978-85-16-09537-6
040 _cMagnum
100 _aFalcão, Adriana
240 1 0 _aMania de explicação
_lpor
245 1 0 _aMania de explicação
300 _a95
362 0 _a2014
440 1 _aSalamandra
697 _aLITERATURA INFANTO
942 _cBK
999 _c189278
_d189278